[Event "Ufa Startsev Memorial Rapid"]
[Site "Ufa"]
[Date "2024.02.04"]
[Round "5"]
[White "Zvjaginsev, Vadim"]
[Black "Ignatiev, Aleksey"]
[Result "1-0"]
[WhiteElo "2572"]
[BlackElo "1963"]
[PlyCount "95"]
[EventDate "2024.02.04"]
[EventType "swiss (rapid)"]
[EventRounds "11"]
[EventCountry "RUS"]
[SourceTitle "CB07_2024"]
[SourceDate "2024.02.14"]
[SourceVersion "1"]
[SourceVersionDate "2024.02.14"]
[SourceQuality "1"]

1. c4 e5 2. Nc3 Nc6 3. Nf3 Nf6 4. a3 a5 5. e3 Be7 6. d4 exd4 7. exd4 d5 8. h3 0-0 9. Be3 Be6 10. Ng5 Bf5 11. Rc1 Qd7 12. Be2 Rad8 13. Nf3 dxc4 14. Bxc4 Bd6 15. Bb5 Qc8 16. Nh4 Be6 17. Qf3 Nd5 18. 0-0 Nxc3 19. Rxc3 Ne7 20. Rcc1 Bd5 21. Qe2 c6 22. Bd3 f5 23. Bd2 Rde8 24. Bc4 Bc7 25. Rfe1 Qd7 26. Nf3 Bxc4 27. Qxc4+ Nd5 28. Ne5 Qd8 29. b4 axb4 30. axb4 Bxe5 31. dxe5 Qb6 32. b5 Qxb5 33. Qxb5 cxb5 34. Rc5 Ne7 35. Rxb5 Nc6 36. f4 Rf7 37. Be3 Rd7 38. Kf2 Kf7 39. g4 g6 40. gxf5 gxf5 41. Rg1 Ke6 42. Rg5 Rf7 43. Rh5 Rg8 44. Rb2 Rfg7 45. Rh6+ Kd5 46. Rd6+ Ke4 47. Rb4+ Nxb4 48. Rd4# 1-0

[Event "Satka Autumn"]
[Site "Satka"]
[Date "2023.08.29"]
[Round "1"]
[White "Ignatiev, Aleksey"]
[Black "Afanasiev, Nikita"]
[Result "1/2-1/2"]
[WhiteElo "2053"]
[BlackElo "2537"]
[PlyCount "132"]
[EventDate "2023.08.29"]
[EventType "swiss"]
[EventRounds "9"]
[EventCountry "RUS"]
[SourceTitle "EXT 2024"]
[Source "ChessBase"]
[SourceDate "2023.10.10"]
[SourceVersion "1"]
[SourceVersionDate "2023.10.10"]
[SourceQuality "1"]

1. d4 e6 2. Nf3 f5 3. c4 Bb4+ 4. Bd2 Qe7 5. g3 b6 6. Bg2 Bb7 7. 0-0 Bxd2 8. Qxd2 Nf6 9. Nc3 0-0 10. Rac1 d6 11. b4 Nbd7 12. d5 Ne4 13. Nxe4 fxe4 14. Ng5 exd5 15. cxd5 Nf6 16. Ne6 Rfc8 17. Nf4 g5 18. Ne6 h6 19. f4 Nxd5 20. f5 Nf6 21. h4 Nh7 22. Bh3 Qf6 23. Nxc7 Rab8 24. Ne6 d5 25. Kh2 Kh8 26. Rxc8+ Rxc8 27. Rc1 gxh4 28. Rxc8+ Bxc8 29. Qxd5 Bxe6 30. Qxe6 hxg3+ 31. Kxg3 Qc3+ 32. Kg2 Nf6 33. Qf7 a5 34. bxa5 bxa5 35. Qf8+ Ng8 36. Qe8 Qg7+ 37. Kf2 Qd4+ 38. Kg2 Kg7 39. Bg4 Nf6 40. Qe7+ Kg8 41. Bh5 Nxh5 42. Qe8+ Kg7 43. Qg6+ Kf8 44. Qxh5 Qe3 45. Kh1 Qf4 46. Kg2 Qe3 47. Qg4 a4 48. Kf1 a3 49. f6 Qc1+ 50. Kf2 e3+ 51. Kf3 Qc6+ 52. Kxe3 Qxf6 53. Qc8+ Kf7 54. Kd3 Qd6+ 55. Kc2 Kf6 56. Qc3+ Kg5 57. Qe3+ Kf5 58. Qf3+ Ke6 59. Qg4+ Kf7 60. Qf3+ Kg7 61. Kb3 Qc5 62. Qg4+ Kh8 63. Qg6 Qe3+ 64. Ka4 Qa7+ 65. Kb3 Qe3+ 66. Ka4 Qa7+ 1/2-1/2